Oracle8 design using UML object modeling

Αποθηκεύτηκε σε:
Λεπτομέρειες βιβλιογραφικής εγγραφής
Κύριος συγγραφέας: Dorsey, Paul
Άλλοι συγγραφείς: Hudicka, Joseph R.
Μορφή: Βιβλίο
Γλώσσα:English
Δημοσίευση: Berkeley : Osborne McGraw-Hill, c1999
Θέματα:
Ετικέτες: Προσθήκη ετικέτας
Δεν υπάρχουν, Καταχωρήστε ετικέτα πρώτοι!

MARC

LEADER 00000nam a2200000 i 4500
001 1/94747
008 991130s1999 eng d
020 |a 0078824745 
035 |l 10054967 
040 |a GR-MY-UA  |b gre  |e aacr 
041 0 |a eng 
082 0 |a 005.7585 
100 0 |a Dorsey, Paul. 
245 1 0 |a Oracle8 design using UML object modeling /  |c Paul Dorsey, Joseph R. Hudicka 
260 |a Berkeley :   |b Osborne McGraw-Hill,   |c c1999 
300 |a xxviii, 496 p.;  |b ill.;  |c 23 cm. 
504 |a Includes index 
630 0 0 |a Oracle (Computer file) 
650 0 0 |a Database design. 
650 0 0 |a UML (Computer science) 
650 0 0 |a Object-oriented methods (Computer science) 
700 1 |a Hudicka, Joseph R. 
852 |a INST  |b SAMOS  |e 19991130  |h 005.7585 DOR  |p 005300016550  |q 005300016550  |t BK  |y 0 
901 |a BIBL3-1999-3 
909 |a Σ  |b 069897 
922 |a 3ΕΛΗ  |b 199911  |c ΤΠΕΣ  |d ΠΑΠΑΣΩΤΗΡΙΟΥ 
950 |a 133-1999-07-20 
970 |a ΠΟΥΡΝΑΡΑΣ  |b ΔΗΜΗΤΡΗΣ  |z 1999/11/30